|
|
|
|
| LEADER |
00000nab a2200000 ar4500 |
| 001 |
vtls010204775 |
| 003 |
SK-MaSNL |
| 005 |
20260318122024.0 |
| 008 |
110119c20101230xo |||||||| 000 b|hun |
| 015 |
|
|
|a SNBRB2011/01
|2 snkbucl
|
| 038 |
|
|
|a SNKBUCL
|
| 040 |
|
|
|a DSZK
|b slo
|c DSZK
|e AACR2
|
| 041 |
0 |
|
|a hun
|
| 044 |
|
|
|a xo
|c SK
|
| 080 |
|
|
|a 745/749
|2 2001
|
| 100 |
1 |
|
|a Bodnár, Mónika
|4 aut
|9 409979
|
| 245 |
1 |
0 |
|a Nem ápolni, őrizni - a hagyományt élni kell
|b a Gömöri Kézművesek Társulásának célja egy[e]bek mellett a történelmi Gömör megye kézműves hagyományainak, értékeinek bemutatása
|c Bodnár Mónika
|
| 300 |
|
|
|b Fotogr.
|
| 500 |
|
|
|a Dokumentárny film Szoborfák je dokumentom o Združení gemerských remeselníkov a o jeho spoluzakladateľovi Györgyovi Nagyovi (Réžia András Veréb Vean)
|
| 610 |
2 |
7 |
|a Združenie gemerských remeselníkov (Krásnohorská Dlhá Lúka, Slovensko)
|2 snkbucl
|9 1498842
|
| 610 |
2 |
7 |
|a Sajómenti Népművészeti Egyesület (Kazincbarcika, Maďarsko)
|2 snkbucl
|9 1498843
|
| 611 |
2 |
7 |
|a Kézművesség - határok nélkül
|g výstava
|d (2010 :
|c Kazincbarcika, Maďarsko)
|2 snkbucl
|9 1498844
|
| 630 |
0 |
7 |
|a Szoborfák (film)
|2 snkbucl
|9 1498845
|
| 648 |
|
7 |
|a 2010
|2 snkbucl
|9 324355
|
| 650 |
0 |
7 |
|a remeselnícke práce
|2 snkbucl
|9 78057
|
| 650 |
0 |
7 |
|a dokumentárne filmy
|2 SNKPH
|9 3400
|
| 651 |
|
7 |
|a Krásnohorská Dlhá Lúka (Slovensko)
|2 SNKPHgeo
|9 98974
|
| 651 |
|
7 |
|a Kazincbarcika (Maďarsko)
|2 snkbucl
|9 58734
|
| 773 |
0 |
|
|t Új szó
|g Évf. 63, sz. 299 (30.12.2010), o. 10
|x 1335-7050
|
| 852 |
|
|
|a SNK
|b KIS3GCP
|
| 852 |
|
|
|a DSZK
|b KIS3GCP
|
| 958 |
|
|
|a HU
|
| 958 |
|
|
|a SK
|
| 999 |
|
|
|c 2990513
|d 2992443
|